000 00543nam a22001817a 4500
005 20250821134637.0
008 250821b |||||||| |||| 00| 0 eng d
020 _a9789999880053
041 _aEnglish
082 _a340.1 NAM
100 _aNamandje S
_lEnglish
245 _aLegal Principles from Selected Case Law /
_cS Namandje
250 _aFirst Edition
260 _aPretoria:
_bWize Books Publishers;
_c2025
300 _bxxxiii, 525 pages ;
_c25 cm.
650 _aLegal practice
_bLaw
942 _cBK
_6ALISON_BN_VRIES
999 _c3319
_d3319